000 00471nam a22001697a 4500
005 20251108170942.0
008 250721s1985 xx 000 0 ara d
082 1 4 _aط/599.4/أمي
100 1 _aمراد، أمينة
245 1 0 _aالثعلب الطائر /
264 1 _aالقاهرة :
_bدار المعارف،
_c1985.
300 _a16ص : مص
490 0 _aماذا تعلم عن ؛ 2
650 1 7 _aالحفاشيات
942 _2ddc
_cBK
999 _c52914
_d52914